| 000 | 00573nam a2200133Ia 4500 | ||
|---|---|---|---|
| 008 | 171207s9999 xx 000 0 und d | ||
| 100 | _aHuijgens, Hennie | ||
| 245 | 4 | _aThe effects of perceived value and stakeholder satisfaction on software project impact | |
| 245 | _cHennie Huijgens, Arie van Deursen, Rini van Solingen | ||
| 260 | _c2017 | ||
| 300 | _apages 19-36, September 2017 | ||
| 440 |
_aInformation and Software Technology _v89: |
||
| 650 | _aSoftware economics; Evidence-based software engineering; Perceived value; stakeholder satisfaction; Cost duration index | ||
| 999 |
_c347520 _d347520 |
||